Fairy Tail 50 Characters - Statistiques

Statistiques générales
  • Ce quiz a été pris 106 fois
  • Le résultat moyen est 29 sur 50
Statistiques - réponses
Indices Characters % Correct
2 Constellationniste Lucy Heartfilia
100%
1 Feu Natsu Dragneel
100%
6 Mage de glace Gray Fullbuster
97%
7 Titania Erza Scarlet
96%
3 Exceed bleu Happy
96%
14 Foudre Luxus Draer
90%
4 Magie céleste Wendy Marvell
90%
5 Exceed blanc Carla
88%
13 3ème maitre Makarof Draer
87%
16 Demon Soul Mirajane Strauss
86%
10 Eau Juvia Lockser
82%
17 Beast Soul Elfman Strauss
81%
8 Fer Gajeel Redfox
81%
9 Exceed noir Panther Lily
77%
27 Esprit du lion Loki/Leo
73%
11 Solid Script Reby McGarden
73%
12 Cartes Kanna Alberona
71%
18 Animal Soul Lisana Strauss
70%
36 Neige Eave Tearm
69%
50 Ancien membre du Conseil Jellal Fernandes
66%
28 Flammes multicolore Romeo Conbolt
64%
15 Pétrification Evergreen
62%
32 Mage de glace de Lamia Leon Vastia
62%
40 Lumière Sting Eucliffe
61%
20 Enchantements Fried Justine
57%
41 Ombre Rogue Cheney
57%
23 Fumée Wakaba Mine
57%
22 Flammes violettes Macao Conbolt
53%
19 Dislocation Gildarts Clive
48%
42 Magie des 18 Dieux Combattants Minerva Orland
48%
25 Fusil Bisca Connell
47%
44 Exceed vert Frosch
47%
48 Magie du temps Ultia Milkovich
47%
30 Illusion Mavis Vermillion
44%
45 Exceed marron Lector
42%
46 Épéiste utilisant la magie gravitationnelle Kagura Mikazuchi
39%
43 Constellationiste de Saber Yukino Agria
39%
21 Possession Bixrow
38%
34 Men! Ichiya Vandalay Kotobuki
36%
24 Pistolet Arzak Connell
35%
31 Pierre Jera Neekis
32%
49 Lien sensoriel Meldy
31%
37 Air Ren Akatsuki
29%
35 Magie des archives Hibiki Lates
27%
47 Fille chat Miliana
27%
33 God Slayer Sherria Blendy
26%
26 Plus jeune mage de Fairy Tail Asuka Connell
23%
29 Téléportation Mest Gryder/Dranbalt
22%
39 Le Faucon Ivre Bacchus Groh
17%
38 Transformation Jenny Rearlight
17%
Aucun quiz correspondant
Distribution des résultats
% des personnes avec chaque résultat
Percentile par nombre de réponses
Votre historique - résultats
Vous n’avez pas pris ce quiz